| 000 | 00660nam a2200205Ia 4500 | ||
|---|---|---|---|
| 001 | 4950 | ||
| 003 | GE_BSU | ||
| 008 | 181216s||||||||xx |||||||||||||| ||und|| | ||
| 040 | _cGE_BSU | ||
| 080 | _a621.81:681.3 | ||
| 100 | _aДашкевич,Б.П. Дьяченко,С.К. | ||
| 245 | _aДетали машин: Курсовое проектирование | ||
| 245 | _cРед. Г.Кудрявцев. | ||
| 260 | _aКиев. | ||
| 260 | _bгос. изд.-во технич. литературы УССР. | ||
| 260 | _c1960. | ||
| 300 | _a396стр. с илл. 30см.библиогр.:стр.293. | ||
| 653 | _aДетали машин. | ||
| 942 | _cBK | ||
| 999 |
_c38692 _d38692 |
||